Online Catalogue and eLibrary

Kusalage shakthiya (Record no. 1838)

MARC details
000 -LEADER
fixed length control field 00366nam a2200145Ia 4500
005 - DATE AND TIME OF LATEST TRANSACTION
control field 20250617025815.0
008 - FIXED-LENGTH DATA ELEMENTS--GENERAL INFORMATION
fixed length control field 240331s9999 xx 000 0 und d
082 ## - DDC Classification
Item Number - Author Mark RAN
Class No. 305
245 #0 - TITLE STATEMENT
Title Kusalage shakthiya
260 ## - PUBLICATION, DISTRIBUTION, ETC.
Place of publication, distribution, etc. Colombo
Name of publisher, distributor, etc. Srasavi Printers
300 ## - PHYSICAL DESCRIPTION
Extent (e.g. Volumes, Pages etc.) 46 p .,
500 ## - GENERAL NOTE
General note A book of Strength from kusala women
700 ## - ADDED ENTRY--PERSONAL NAME
Personal name Ranaweera, E
Relator term (Role) Editor
942 ## - Koha item type (Biblio)
Koha item type Books in Stacks (Lending)
Holdings
Lost status Damaged status Collection code Home library Current library Shelving location Date acquired Full call number Accession Number Item type
    Lending WERC Library WERC Library Social Science Cupboard 03/31/2024 305.409 RAN 1545 Books in Stacks (Lending)

© WERC Library